| 000 | 00497nam a2200193 a 4500 | ||
|---|---|---|---|
| 001 | 1770381888533 | ||
| 003 | YourLibrary | ||
| 005 | 20260206181647.0 | ||
| 008 | 260206s1995##################000#0#eng## | ||
| 020 | _a9780714645766 | ||
| 082 | 0 | 4 |
_a306.09729 _bOLW |
| 100 | 1 |
_aOlwig, Karen Fog, _eauthor. |
|
| 245 | 1 | 0 | _aSmall Islands, Large Questions : |
| 260 |
_bRoutledge, _c1995. |
||
| 300 | _a216 pages | ||
| 650 | 0 | _aHistory. | |
| 942 | _cENGLISH | ||
| 040 |
_aYourLibrary _beng _cYourLibrary |
||
| 999 |
_c610722 _d610722 |
||